000
00337nam a22001577a 4500
003
SGT
020
_a
9789353948108
082
_a
624,MAD
100
_a
MADSEN,DAVID,P.
245
_a
CIVIL DRAFTING TECHNOLOGY
250
_a
8TH
260
_a
INDIA
_b
PEARSON
_c
2021
300
_a
510
650
_a
CIVIL ENGINEERING
942
_2
ddc
_c
BK
999
_c
24995
_d
24995